[Event "Baku Chess Olympiad | Open"]
[Site "chess24.com"]
[Date "2016.09.12"]
[Round "10"]
[White "Solak, Dragan"]
[Black "Rozentalis, Eduardas"]
[Result "1/2-1/2"]
[Board "1"]
[WhiteID "916811"]
[WhiteElo "2635"]
[WhiteTitle "GM"]
[WhiteCountry "TUR"]
[WhiteFideId "916811"]
[WhiteEloChange "-1"]
[BlackID "12800023"]
[BlackElo "2565"]
[BlackTitle "GM"]
[BlackCountry "LTU"]
[BlackFideId "12800023"]
[BlackEloChange "1"]

1. e4 {[%clk 1:30:57]} e5 {[%clk 1:30:49]} 2. Nf3 {[%clk 1:31:21]} Nf6 {[%clk
1:31:10]} 3. Nxe5 {[%clk 1:31:46]} d6 {[%clk 1:31:34]} 4. Nf3 {[%clk 1:32:12]}
Nxe4 {[%clk 1:31:46]} 5. d4 {[%clk 1:32:38]} Be7 {[%clk 1:31:36]} 6. Bd3 {[%clk
1:30:05]} Nf6 {[%clk 1:31:38]} 7. O-O {[%clk 1:26:39]} Bg4 {[%clk 1:29:11]} 8.
Nbd2 {[%clk 1:24:48]} O-O {[%clk 1:28:04]} 9. c3 {[%clk 1:12:48]} Nbd7 {[%clk
1:24:24]} 10. Qc2 {[%clk 1:01:54]} Bh5 {[%clk 1:22:25]} 11. Nh4 {[%clk 0:56:53]}
Re8 {[%clk 1:15:16]} 12. Nf5 {[%clk 0:55:46]} Bf8 {[%clk 1:13:00]} 13. Nc4 {[%clk
0:52:23]} Nd5 {[%clk 1:07:58]} 14. Qb3 {[%clk 0:48:37]} N7b6 {[%clk 1:03:13]} 15.
a4 {[%clk 0:42:16]} a5 {[%clk 1:00:24]} 16. Nfe3 {[%clk 0:37:22]} Nf4 {[%clk
0:46:55]} 17. Nxb6 {[%clk 0:37:35]} cxb6 {[%clk 0:46:40]} 18. Qc2 {[%clk
0:34:48]} Kh8 {[%clk 0:42:46]} 19. f3 {[%clk 0:32:05]} d5 {[%clk 0:36:59]} 20.
Bf5 {[%clk 0:20:37]} Bg6 {[%clk 0:33:58]} 21. g3 {[%clk 0:15:08]} Nh5 {[%clk
0:30:57]} 22. Bxg6 {[%clk 0:15:06]} hxg6 {[%clk 0:31:22]} 23. Bd2 {[%clk
0:09:49]} Qd6 {[%clk 0:29:17]} 24. Rae1 {[%clk 0:07:14]} Qc6 {[%clk 0:25:38]} 25.
Qb3 {[%clk 0:07:26]} Nf6 {[%clk 0:26:04]} 26. Ng2 {[%clk 0:07:17]} Rxe1 {[%clk
0:26:12]} 27. Rxe1 {[%clk 0:07:42]} Re8 {[%clk 0:26:36]} 28. Rxe8 {[%clk
0:05:04]} Nxe8 {[%clk 0:26:52]} 29. Bf4 {[%clk 0:04:28]} Bd6 {[%clk 0:26:03]} 30.
Bxd6 {[%clk 0:04:21]} Nxd6 {[%clk 0:17:20]} 31. Ne3 {[%clk 0:04:45]} Nc4 {[%clk
0:16:46]} 32. Nxc4 {[%clk 0:05:04]} dxc4 {[%clk 0:17:11]} 33. Qd1 {[%clk
0:05:02]} Qd5 {[%clk 0:16:39]} 34. Qe2 {[%clk 0:04:29]} Qc6 {[%clk 0:16:17]} 35.
Qd1 {[%clk 0:04:55]} Qd5 {[%clk 0:16:44]} 36. Qe2 {[%clk 0:05:12]} Qc6 {[%clk
0:17:11]} 37. Qe4 {[%clk 0:01:02]} Qxa4 {[%clk 0:16:32]} 38. Qh4+ {[%clk
0:01:03]} Kg8 {[%clk 0:16:56]} 39. Qd8+ {[%clk 0:01:27]} Kh7 {[%clk 0:17:22]} 40.
Qh4+ {[%clk 0:31:32]} Kg8 {[%clk 0:47:44]} 41. Qd8+ {[%clk 0:31:49]} Kh7 {[%clk
0:47:44]} 42. Qh4+ {[%clk 0:31:10]} 1/2-1/2

[Event "Baku Chess Olympiad | Open"]
[Site "chess24.com"]
[Date "2016.09.12"]
[Round "10"]
[White "Laurusas, Tomas"]
[Black "Ipatov, Alexander"]
[Result "0-1"]
[Board "2"]
[WhiteID "12803731"]
[WhiteElo "2437"]
[WhiteTitle "IM"]
[WhiteCountry "LTU"]
[WhiteFideId "12803731"]
[WhiteEloChange "-2"]
[BlackID "14116731"]
[BlackElo "2652"]
[BlackTitle "GM"]
[BlackCountry "TUR"]
[BlackFideId "14116731"]
[BlackEloChange "2"]

1. d4 {[%clk 1:30:30]} d6 {[%clk 1:30:30]} 2. e4 {[%clk 1:25:32]} Nf6 {[%clk
1:29:14]} 3. Nc3 {[%clk 1:25:51]} Nbd7 {[%clk 1:28:54]} 4. g3 {[%clk 1:23:20]} e5
{[%clk 1:26:51]} 5. Nge2 {[%clk 1:23:37]} g6 {[%clk 1:25:26]} 6. Bg2 {[%clk
1:23:45]} Bg7 {[%clk 1:25:44]} 7. O-O {[%clk 1:24:02]} O-O {[%clk 1:26:08]} 8. h3
{[%clk 1:23:12]} Re8 {[%clk 1:21:30]} 9. Re1 {[%clk 1:21:20]} a6 {[%clk 1:17:06]}
10. a4 {[%clk 1:21:20]} b6 {[%clk 1:15:04]} 11. dxe5 {[%clk 1:16:13]} dxe5 {[%clk
1:14:46]} 12. Be3 {[%clk 1:16:31]} Bb7 {[%clk 1:11:51]} 13. Nd5 {[%clk 1:13:26]}
Nxd5 {[%clk 1:05:29]} 14. exd5 {[%clk 1:12:14]} e4 {[%clk 1:05:52]} 15. Bd4
{[%clk 1:07:12]} Ne5 {[%clk 0:32:45]} 16. Nf4 {[%clk 1:05:03]} Nd3 {[%clk
0:31:12]} 17. cxd3 {[%clk 0:57:47]} Bxd4 {[%clk 0:31:27]} 18. dxe4 {[%clk
0:58:07]} Bxb2 {[%clk 0:30:25]} 19. Rb1 {[%clk 0:57:07]} Be5 {[%clk 0:29:31]} 20.
Nd3 {[%clk 0:57:14]} Bd4 {[%clk 0:29:41]} 21. Qc2 {[%clk 0:42:12]} Rc8 {[%clk
0:29:08]} 22. Qc4 {[%clk 0:36:16]} c5 {[%clk 0:28:43]} 23. e5 {[%clk 0:35:17]} b5
{[%clk 0:25:28]} 24. axb5 {[%clk 0:30:00]} axb5 {[%clk 0:25:56]} 25. Rxb5 {[%clk
0:30:28]} Ba6 {[%clk 0:26:22]} 26. Qa4 {[%clk 0:26:04]} Bxb5 {[%clk 0:24:35]} 27.
Qxb5 {[%clk 0:26:32]} c4 {[%clk 0:24:56]} 28. d6 {[%clk 0:26:54]} cxd3 {[%clk
0:24:23]} 29. d7 {[%clk 0:27:13]} Rxe5 {[%clk 0:22:56]} 30. Rxe5 {[%clk 0:22:25]}
Rc1+ {[%clk 0:23:17]} 31. Kh2 {[%clk 0:22:41]} Bxe5 {[%clk 0:23:42]} 32. Qxe5
{[%clk 0:23:00]} Qxd7 {[%clk 0:23:44]} 33. Qb8+ {[%clk 0:23:22]} Rc8 {[%clk
0:24:08]} 0-1

[Event "Baku Chess Olympiad | Open"]
[Site "chess24.com"]
[Date "2016.09.12"]
[Round "10"]
[White "Yilmaz, Mustafa"]
[Black "Sulskis, Sarunas"]
[Result "1-0"]
[Board "3"]
[WhiteID "6302718"]
[WhiteElo "2616"]
[WhiteTitle "GM"]
[WhiteCountry "TUR"]
[WhiteFideId "6302718"]
[WhiteEloChange "4"]
[BlackID "12800112"]
[BlackElo "2519"]
[BlackTitle "GM"]
[BlackCountry "LTU"]
[BlackFideId "12800112"]
[BlackEloChange "-4"]

1. d4 {[%clk 1:30:57]} Nf6 {[%clk 1:30:51]} 2. c4 {[%clk 1:31:22]} e6 {[%clk
1:31:13]} 3. Nf3 {[%clk 1:31:47]} b6 {[%clk 1:31:33]} 4. g3 {[%clk 1:32:12]} Ba6
{[%clk 1:31:56]} 5. b3 {[%clk 1:32:17]} d5 {[%clk 1:31:48]} 6. Bg2 {[%clk
1:28:22]} dxc4 {[%clk 1:22:36]} 7. Ne5 {[%clk 1:26:38]} Bb4+ {[%clk 1:22:55]} 8.
Kf1 {[%clk 1:25:09]} c6 {[%clk 1:23:12]} 9. Nxc4 {[%clk 1:15:41]} O-O {[%clk
1:22:24]} 10. Bb2 {[%clk 1:13:30]} Nbd7 {[%clk 1:18:40]} 11. Bxc6 {[%clk
1:08:38]} Rc8 {[%clk 1:15:52]} 12. Bf3 {[%clk 1:05:18]} Bxc4 {[%clk 1:09:45]} 13.
bxc4 {[%clk 1:05:43]} Ne5 {[%clk 1:10:05]} 14. Qb3 {[%clk 1:02:01]} Nxf3 {[%clk
1:07:28]} 15. exf3 {[%clk 1:02:01]} Qe7 {[%clk 0:55:14]} 16. Na3 {[%clk 0:58:33]}
Rfd8 {[%clk 0:52:27]} 17. Nc2 {[%clk 0:57:55]} Ba5 {[%clk 0:51:44]} 18. Kg2
{[%clk 0:52:14]} e5 {[%clk 0:38:16]} 19. Rhd1 {[%clk 0:45:16]} e4 {[%clk
0:24:29]} 20. f4 {[%clk 0:39:43]} h5 {[%clk 0:21:59]} 21. Ne3 {[%clk 0:35:28]}
Ng4 {[%clk 0:18:55]} 22. Rac1 {[%clk 0:34:18]} Qe6 {[%clk 0:18:18]} 23. d5 {[%clk
0:30:16]} Qg6 {[%clk 0:18:11]} 24. a3 {[%clk 0:21:45]} h4 {[%clk 0:16:45]} 25.
Rd4 {[%clk 0:17:58]} Rd6 {[%clk 0:08:10]} 26. Nxg4 {[%clk 0:16:55]} Qxg4 {[%clk
0:08:15]} 27. Rxe4 {[%clk 0:16:17]} Bd2 {[%clk 0:05:28]} 28. Rd1 {[%clk 0:12:53]}
h3+ {[%clk 0:05:10]} 29. Kf1 {[%clk 0:12:58]} Ba5 {[%clk 0:04:05]} 30. f3 {[%clk
0:11:51]} Qd7 {[%clk 0:04:04]} 31. a4 {[%clk 0:11:12]} f5 {[%clk 0:02:18]} 32.
Re2 {[%clk 0:10:47]} Qf7 {[%clk 0:01:46]} 33. Re5 {[%clk 0:07:39]} Rd7 {[%clk
0:01:18]} 34. Qd3 {[%clk 0:07:31]} g6 {[%clk 0:01:17]} 35. Ba3 {[%clk 0:03:52]}
Kh7 {[%clk 0:01:28]} 36. Rc1 {[%clk 0:03:14]} Rcd8 {[%clk 0:01:14]} 37. Rc2
{[%clk 0:03:30]} Kg8 {[%clk 0:01:16]} 38. Rce2 {[%clk 0:02:50]} Rc8 {[%clk
0:01:21]} 39. Re7 {[%clk 0:01:13]} Rxe7 {[%clk 0:01:26]} 40. Rxe7 {[%clk
0:30:53]} Qf6 {[%clk 0:31:42]} 41. Re5 {[%clk 0:31:01]} Rc7 {[%clk 0:27:36]} 42.
Qd4 {[%clk 0:25:31]} Kf7 {[%clk 0:20:28]} 43. Ke2 {[%clk 0:23:21]} 1-0

[Event "Baku Chess Olympiad | Open"]
[Site "chess24.com"]
[Date "2016.09.12"]
[Round "10"]
[White "Pultinevicius, Paulius"]
[Black "Can, Emre"]
[Result "1/2-1/2"]
[Board "4"]
[WhiteID "12809390"]
[WhiteElo "2351"]
[WhiteCountry "LTU"]
[WhiteFideId "12809390"]
[WhiteEloChange "5"]
[BlackID "6302181"]
[BlackElo "2565"]
[BlackTitle "GM"]
[BlackCountry "TUR"]
[BlackFideId "6302181"]
[BlackEloChange "-3"]

1. d4 {[%clk 1:30:59]} Nf6 {[%clk 1:30:28]} 2. c4 {[%clk 1:31:21]} e6 {[%clk
1:30:30]} 3. Nc3 {[%clk 1:31:14]} c5 {[%clk 1:29:30]} 4. Nf3 {[%clk 1:29:56]}
cxd4 {[%clk 1:28:59]} 5. Nxd4 {[%clk 1:30:16]} d5 {[%clk 1:28:59]} 6. Bf4 {[%clk
1:25:17]} Nc6 {[%clk 1:11:13]} 7. e3 {[%clk 1:19:11]} Be7 {[%clk 1:06:10]} 8. Be2
{[%clk 0:57:37]} dxc4 {[%clk 1:02:14]} 9. Nxc6 {[%clk 0:56:47]} Qxd1+ {[%clk
1:02:30]} 10. Rxd1 {[%clk 0:57:10]} bxc6 {[%clk 1:02:53]} 11. Bxc4 {[%clk
0:55:28]} Nd5 {[%clk 1:03:06]} 12. O-O {[%clk 0:49:32]} Nxf4 {[%clk 0:57:22]} 13.
exf4 {[%clk 0:50:01]} Rb8 {[%clk 0:54:56]} 14. b3 {[%clk 0:50:09]} Bd8 {[%clk
0:55:15]} 15. Ne4 {[%clk 0:47:40]} Bc7 {[%clk 0:52:12]} 16. g3 {[%clk 0:45:57]}
Ke7 {[%clk 0:52:20]} 17. Rfe1 {[%clk 0:45:00]} g6 {[%clk 0:47:00]} 18. Rc1 {[%clk
0:43:05]} Rd8 {[%clk 0:38:43]} 19. Bf1 {[%clk 0:42:07]} Ba5 {[%clk 0:38:58]} 20.
Re2 {[%clk 0:40:34]} Rb4 {[%clk 0:36:18]} 21. Ng5 {[%clk 0:28:11]} Rbd4 {[%clk
0:32:45]} 22. Rec2 {[%clk 0:28:22]} Rd1 {[%clk 0:31:11]} 23. Rxd1 {[%clk
0:28:20]} Rxd1 {[%clk 0:31:36]} 24. Kg2 {[%clk 0:27:52]} f6 {[%clk 0:11:02]} 25.
Ne4 {[%clk 0:26:19]} Rd4 {[%clk 0:09:23]} 26. Nc5 {[%clk 0:24:14]} Kd6 {[%clk
0:06:07]} 27. Kf3 {[%clk 0:20:53]} Bb6 {[%clk 0:05:37]} 28. Ne4+ {[%clk 0:20:24]}
Ke7 {[%clk 0:05:50]} 29. Rd2 {[%clk 0:19:56]} c5 {[%clk 0:05:03]} 30. Rxd4 {[%clk
0:18:45]} cxd4 {[%clk 0:05:31]} 31. Bd3 {[%clk 0:19:04]} f5 {[%clk 0:04:13]} 32.
Nd2 {[%clk 0:19:17]} g5 {[%clk 0:04:22]} 33. Nc4 {[%clk 0:18:34]} Bc7 {[%clk
0:04:30]} 34. fxg5 {[%clk 0:15:47]} e5 {[%clk 0:04:53]} 35. Bf1 {[%clk 0:16:11]}
e4+ {[%clk 0:04:37]} 36. Ke2 {[%clk 0:16:35]} f4 {[%clk 0:03:30]} 37. gxf4 {[%clk
0:16:45]} Bxf4 {[%clk 0:03:45]} 38. Bg2 {[%clk 0:16:36]} Bg4+ {[%clk 0:04:00]}
39. Ke1 {[%clk 0:16:31]} e3 {[%clk 0:04:23]} 40. fxe3 {[%clk 0:44:56]} dxe3
{[%clk 0:34:48]} 41. Bf1 {[%clk 0:40:49]} Bxg5 {[%clk 0:33:52]} 42. Be2 {[%clk
0:40:18]} Bf5 {[%clk 0:31:05]} 43. Bf3 {[%clk 0:40:02]} Bb1 {[%clk 0:25:53]} 44.
a3 {[%clk 0:40:12]} Ke6 {[%clk 0:25:27]} 45. Ke2 {[%clk 0:39:17]} Ba2 {[%clk
0:25:23]} 46. Nxe3 {[%clk 0:37:16]} Bxb3 {[%clk 0:25:02]} 47. Be4 {[%clk
0:37:21]} h6 {[%clk 0:24:17]} 48. Bc2 {[%clk 0:37:24]} Ba2 {[%clk 0:23:44]} 49.
Bd3 {[%clk 0:37:17]} Ke5 {[%clk 0:23:50]} 50. Bc4 {[%clk 0:36:34]} Bxc4+ {[%clk
0:19:36]} 51. Nxc4+ {[%clk 0:36:48]} Kd4 {[%clk 0:19:40]} 52. Nd6 {[%clk
0:32:38]} a6 {[%clk 0:19:16]} 53. Kf3 {[%clk 0:29:15]} Bc1 {[%clk 0:18:00]} 54.
Ne8 {[%clk 0:26:23]} a5 {[%clk 0:15:34]} 55. a4 {[%clk 0:24:48]} Kc5 {[%clk
0:14:44]} 56. Nc7 {[%clk 0:22:14]} Kb4 {[%clk 0:12:59]} 57. Ne6 {[%clk 0:22:25]}
Kxa4 {[%clk 0:12:40]} 58. Nc5+ {[%clk 0:21:48]} Kb5 {[%clk 0:12:56]} 59. Nb3
{[%clk 0:22:06]} Bg5 {[%clk 0:13:19]} 60. Nxa5 {[%clk 0:22:29]} Kxa5 {[%clk
0:13:45]} 1/2-1/2

[Event "Baku Chess Olympiad | Open"]
[Site "chess24.com"]
[Date "2016.09.12"]
[Round "10"]
[White "Bartel, Mateusz"]
[Black "Gretarsson, Hjorvar Steinn"]
[Result "1/2-1/2"]
[Board "2"]
[WhiteID "1112635"]
[WhiteElo "2646"]
[WhiteTitle "GM"]
[WhiteCountry "POL"]
[WhiteFideId "1112635"]
[WhiteEloChange "-1"]
[BlackID "2302241"]
[BlackElo "2547"]
[BlackTitle "GM"]
[BlackCountry "ISL"]
[BlackFideId "2302241"]
[BlackEloChange "1"]

1. e4 {[%clk 1:30:57]} e5 {[%clk 1:30:48]} 2. Nf3 {[%clk 1:31:20]} Nc6 {[%clk
1:31:10]} 3. Bb5 {[%clk 1:31:45]} a6 {[%clk 1:31:24]} 4. Ba4 {[%clk 1:32:10]} Nf6
{[%clk 1:31:48]} 5. O-O {[%clk 1:32:32]} Be7 {[%clk 1:31:34]} 6. Re1 {[%clk
1:32:54]} b5 {[%clk 1:31:45]} 7. Bb3 {[%clk 1:33:19]} d6 {[%clk 1:31:43]} 8. c3
{[%clk 1:33:42]} O-O {[%clk 1:31:43]} 9. h3 {[%clk 1:34:09]} Nb8 {[%clk 1:30:06]}
10. d4 {[%clk 1:34:09]} Nbd7 {[%clk 1:30:06]} 11. Bc2 {[%clk 1:32:59]} Bb7 {[%clk
1:00:06]} 12. Nbd2 {[%clk 1:32:59]} Re8 {[%clk 1:00:06]} 13. Nf1 {[%clk 1:32:59]}
Bf8 {[%clk 1:00:06]} 14. Ng3 {[%clk 1:32:59]} g6 {[%clk 1:00:06]} 15. Bg5 {[%clk
1:32:59]} h6 {[%clk 1:29:14]} 16. Bd2 {[%clk 1:32:59]} Bg7 {[%clk 1:28:18]} 17.
Qc1 {[%clk 1:33:24]} Kh7 {[%clk 1:28:15]} 18. a4 {[%clk 1:33:48]} c5 {[%clk
1:24:43]} 19. d5 {[%clk 1:34:11]} c4 {[%clk 1:24:08]} 20. b4 {[%clk 1:31:37]}
cxb3 {[%clk 1:21:47]} 21. Bxb3 {[%clk 1:31:19]} Nc5 {[%clk 1:21:07]} 22. Qa3
{[%clk 1:31:29]} Qc7 {[%clk 1:10:05]} 23. Bc2 {[%clk 1:21:28]} Reb8 {[%clk
1:04:38]} 24. Be3 {[%clk 1:16:47]} Nfd7 {[%clk 1:02:31]} 25. a5 {[%clk 1:11:26]}
Bc8 {[%clk 0:49:16]} 26. Nd2 {[%clk 1:10:13]} Nb7 {[%clk 0:48:19]} 27. Ne2 {[%clk
1:01:14]} Ndc5 {[%clk 0:45:16]} 28. f4 {[%clk 0:59:28]} exf4 {[%clk 0:43:46]} 29.
Nxf4 {[%clk 0:55:00]} Nd7 {[%clk 0:43:06]} 30. e5 {[%clk 0:47:01]} Bxe5 {[%clk
0:33:44]} 31. Nf3 {[%clk 0:42:10]} Qxc3 {[%clk 0:20:29]} 32. Qa2 {[%clk 0:13:02]}
Qb2 {[%clk 0:16:53]} 33. Qxb2 {[%clk 0:08:30]} Bxb2 {[%clk 0:16:57]} 34. Bd4
{[%clk 0:08:55]} Bxd4+ {[%clk 0:14:20]} 35. Nxd4 {[%clk 0:09:20]} Ne5 {[%clk
0:13:19]} 36. Nc6 {[%clk 0:08:42]} Bd7 {[%clk 0:12:45]} 37. Nxb8 {[%clk 0:09:06]}
Rxb8 {[%clk 0:13:12]} 38. Nd3 {[%clk 0:09:31]} Nxd3 {[%clk 0:13:02]} 39. Bxd3
{[%clk 0:09:49]} Nc5 {[%clk 0:12:44]} 40. Re7 {[%clk 0:39:21]} 1/2-1/2

[Event "Baku Chess Olympiad | Open"]
[Site "chess24.com"]
[Date "2016.09.12"]
[Round "10"]
[White "Kjartansson, Gudmundur"]
[Black "Piorun, Kacper"]
[Result "1/2-1/2"]
[Board "3"]
[WhiteID "2301318"]
[WhiteElo "2442"]
[WhiteTitle "IM"]
[WhiteCountry "ISL"]
[WhiteFideId "2301318"]
[WhiteEloChange "3"]
[BlackID "1130420"]
[BlackElo "2681"]
[BlackTitle "GM"]
[BlackCountry "POL"]
[BlackFideId "1130420"]
[BlackEloChange "-3"]

1. d4 {[%clk 1:30:57]} Nf6 {[%clk 1:30:44]} 2. c4 {[%clk 1:31:16]} b6 {[%clk
1:30:44]} 3. Nc3 {[%clk 1:19:08]} Bb7 {[%clk 1:31:13]} 4. d5 {[%clk 1:18:30]} e6
{[%clk 1:31:10]} 5. a3 {[%clk 1:18:52]} Bd6 {[%clk 1:31:17]} 6. g3 {[%clk
1:12:57]} O-O {[%clk 1:30:53]} 7. Bg2 {[%clk 1:13:00]} Re8 {[%clk 1:24:32]} 8.
Nh3 {[%clk 1:11:05]} exd5 {[%clk 1:16:30]} 9. cxd5 {[%clk 1:07:02]} Na6 {[%clk
1:15:22]} 10. O-O {[%clk 1:06:27]} Nc5 {[%clk 1:15:03]} 11. Bf4 {[%clk 0:55:04]}
Be5 {[%clk 0:55:01]} 12. Rc1 {[%clk 0:45:49]} Rc8 {[%clk 0:45:37]} 13. Bxe5
{[%clk 0:36:52]} Rxe5 {[%clk 0:46:05]} 14. Nf4 {[%clk 0:35:40]} Qe8 {[%clk
0:43:02]} 15. Nd3 {[%clk 0:31:51]} Nxd3 {[%clk 0:38:18]} 16. Qxd3 {[%clk
0:32:13]} c6 {[%clk 0:37:31]} 17. d6 {[%clk 0:28:47]} Ra5 {[%clk 0:37:47]} 18.
Rfe1 {[%clk 0:28:10]} Qe5 {[%clk 0:26:29]} 19. f4 {[%clk 0:25:07]} Qh5 {[%clk
0:26:44]} 20. Rcd1 {[%clk 0:22:42]} Qh6 {[%clk 0:13:29]} 21. Bf3 {[%clk 0:14:13]}
g5 {[%clk 0:12:23]} 22. e3 {[%clk 0:09:56]} Re8 {[%clk 0:11:32]} 23. Qd2 {[%clk
0:07:07]} Qg6 {[%clk 0:09:33]} 24. b4 {[%clk 0:06:13]} Rxa3 {[%clk 0:09:53]} 25.
Qb2 {[%clk 0:06:31]} Ra6 {[%clk 0:09:45]} 26. Kh1 {[%clk 0:02:59]} b5 {[%clk
0:08:26]} 27. e4 {[%clk 0:02:36]} c5 {[%clk 0:06:06]} 28. f5 {[%clk 0:02:35]} Qg7
{[%clk 0:05:44]} 29. bxc5 {[%clk 0:02:10]} Nxe4 {[%clk 0:04:54]} 30. Qb4 {[%clk
0:00:50]} Nxg3+ {[%clk 0:00:34]} 31. Kg2 {[%clk 0:00:57]} Bxf3+ {[%clk 0:00:37]}
32. Kxf3 {[%clk 0:01:00]} Ne2 {[%clk 0:00:46]} 33. Rxe2 {[%clk 0:00:55]} Rxe2
{[%clk 0:01:11]} 34. Nxe2 {[%clk 0:00:38]} Qe5 {[%clk 0:01:03]} 35. Qd4 {[%clk
0:00:34]} Ra3+ {[%clk 0:01:24]} 36. Kf2 {[%clk 0:00:45]} Qxh2+ {[%clk 0:01:36]}
37. Ke1 {[%clk 0:00:54]} Ra2 {[%clk 0:00:37]} 38. Qe4 {[%clk 0:01:04]} Ra4 {[%clk
0:00:33]} 39. Rd4 {[%clk 0:00:46]} Ra1+ {[%clk 0:00:47]} 40. Rd1 {[%clk 0:30:56]}
Ra4 {[%clk 0:31:06]} 41. Rd4 {[%clk 0:23:42]} Ra1+ {[%clk 0:29:22]} 42. Rd1
{[%clk 0:23:11]} 1/2-1/2

[Event "Baku Chess Olympiad | Open"]
[Site "chess24.com"]
[Date "2016.09.12"]
[Round "10"]
[White "Swiercz, Dariusz"]
[Black "Thorfinnsson, Bragi"]
[Result "1-0"]
[Board "4"]
[WhiteID "1126881"]
[WhiteElo "2639"]
[WhiteTitle "GM"]
[WhiteCountry "POL"]
[WhiteFideId "1126881"]
[WhiteEloChange "2"]
[BlackID "2300958"]
[BlackElo "2430"]
[BlackTitle "IM"]
[BlackCountry "ISL"]
[BlackFideId "2300958"]
[BlackEloChange "-2"]

1. d4 {[%clk 1:30:56]} Nf6 {[%clk 1:30:22]} 2. c4 {[%clk 1:31:14]} b6 {[%clk
1:30:44]} 3. Nf3 {[%clk 1:31:14]} Bb7 {[%clk 1:30:44]} 4. Nc3 {[%clk 1:21:20]} d5
{[%clk 1:25:11]} 5. Bg5 {[%clk 1:13:01]} Ne4 {[%clk 1:21:09]} 6. Bh4 {[%clk
1:12:45]} Nxc3 {[%clk 1:19:19]} 7. bxc3 {[%clk 1:13:11]} g6 {[%clk 1:17:14]} 8.
cxd5 {[%clk 1:11:08]} Qxd5 {[%clk 1:14:15]} 9. e3 {[%clk 1:09:00]} Bg7 {[%clk
1:12:44]} 10. Bd3 {[%clk 1:01:26]} Nc6 {[%clk 1:08:30]} 11. O-O {[%clk 1:00:18]}
O-O {[%clk 1:05:19]} 12. e4 {[%clk 0:59:39]} Qd7 {[%clk 1:04:34]} 13. Qe2 {[%clk
0:58:26]} e5 {[%clk 0:55:00]} 14. d5 {[%clk 0:57:57]} Ne7 {[%clk 0:51:12]} 15.
Bb5 {[%clk 0:52:01]} Qd6 {[%clk 0:49:09]} 16. Ba6 {[%clk 0:49:38]} Bxa6 {[%clk
0:47:21]} 17. Qxa6 {[%clk 0:50:05]} f5 {[%clk 0:42:50]} 18. Rfe1 {[%clk 0:37:52]}
g5 {[%clk 0:36:28]} 19. Bxg5 {[%clk 0:35:47]} Ng6 {[%clk 0:36:27]} 20. Bc1 {[%clk
0:27:47]} fxe4 {[%clk 0:25:28]} 21. Ba3 {[%clk 0:27:46]} Qxd5 {[%clk 0:18:36]}
22. Bxf8 {[%clk 0:27:55]} Rxf8 {[%clk 0:14:21]} 23. Rad1 {[%clk 0:26:42]} Qc6
{[%clk 0:14:05]} 24. Nd2 {[%clk 0:26:59]} Nf4 {[%clk 0:09:21]} 25. Nxe4 {[%clk
0:24:04]} Qg6 {[%clk 0:08:07]} 26. Qf1 {[%clk 0:23:51]} h5 {[%clk 0:06:09]} 27.
Kh1 {[%clk 0:22:30]} h4 {[%clk 0:06:06]} 28. g3 {[%clk 0:22:17]} Nh5 {[%clk
0:03:32]} 29. Qh3 {[%clk 0:21:14]} hxg3 {[%clk 0:02:15]} 30. fxg3 {[%clk
0:21:31]} Rf3 {[%clk 0:01:37]} 31. Qh4 {[%clk 0:19:26]} Bf8 {[%clk 0:01:32]} 32.
Rf1 {[%clk 0:16:13]} Rf4 {[%clk 0:01:08]} 33. Qg5 {[%clk 0:15:11]} 1-0

[Event "Baku Chess Olympiad | Open"]
[Site "chess24.com"]
[Date "2016.09.12"]
[Round "10"]
[White "Smerdon, David C"]
[Black "Vachier-Lagrave, Maxime"]
[Result "0-1"]
[Board "1"]
[WhiteID "3202305"]
[WhiteElo "2531"]
[WhiteTitle "GM"]
[WhiteCountry "AUS"]
[WhiteFideId "3202305"]
[WhiteEloChange "-2"]
[BlackID "623539"]
[BlackElo "2813"]
[BlackTitle "GM"]
[BlackCountry "FRA"]
[BlackFideId "623539"]
[BlackEloChange "2"]

1. e4 {[%clk 1:30:58]} c5 {[%clk 1:29:37]} 2. c3 {[%clk 1:31:19]} d5 {[%clk
1:30:05]} 3. exd5 {[%clk 1:31:42]} Qxd5 {[%clk 1:30:31]} 4. Nf3 {[%clk 1:31:10]}
Nf6 {[%clk 1:30:40]} 5. d4 {[%clk 1:31:34]} e6 {[%clk 1:31:05]} 6. Bd3 {[%clk
1:31:42]} Be7 {[%clk 1:31:10]} 7. O-O {[%clk 1:31:24]} O-O {[%clk 1:31:34]} 8.
Qe2 {[%clk 1:31:35]} cxd4 {[%clk 1:31:50]} 9. cxd4 {[%clk 1:29:35]} Nc6 {[%clk
1:32:11]} 10. Be3 {[%clk 1:24:59]} Nb4 {[%clk 1:30:15]} 11. Nc3 {[%clk 1:24:16]}
Qh5 {[%clk 1:30:41]} 12. Bc4 {[%clk 1:17:18]} b6 {[%clk 1:29:17]} 13. Bf4 {[%clk
0:58:08]} Bb7 {[%clk 1:24:06]} 14. a3 {[%clk 0:58:22]} Nbd5 {[%clk 1:23:08]} 15.
Nxd5 {[%clk 0:57:18]} Nxd5 {[%clk 1:22:55]} 16. Be5 {[%clk 0:53:37]} Qf5 {[%clk
1:14:59]} 17. Rfd1 {[%clk 0:43:10]} Rac8 {[%clk 1:10:46]} 18. Rac1 {[%clk
0:41:44]} Nf4 {[%clk 1:08:43]} 19. Bxf4 {[%clk 0:40:34]} Qxf4 {[%clk 1:08:53]}
20. Rc3 {[%clk 0:34:21]} Rfd8 {[%clk 1:02:16]} 21. Qe3 {[%clk 0:23:14]} Qf5
{[%clk 0:57:48]} 22. Qe5 {[%clk 0:20:22]} Qxe5 {[%clk 0:52:45]} 23. Nxe5 {[%clk
0:20:50]} a6 {[%clk 0:51:34]} 24. a4 {[%clk 0:19:55]} Bc5 {[%clk 0:43:05]} 25.
Rcd3 {[%clk 0:17:24]} Bd6 {[%clk 0:42:32]} 26. b3 {[%clk 0:16:24]} Kf8 {[%clk
0:41:44]} 27. h4 {[%clk 0:16:00]} g6 {[%clk 0:37:13]} 28. f4 {[%clk 0:10:17]} Rc7
{[%clk 0:30:53]} 29. Kf2 {[%clk 0:05:14]} f6 {[%clk 0:30:04]} 30. Nf3 {[%clk
0:02:05]} Bxf4 {[%clk 0:29:37]} 31. g3 {[%clk 0:02:06]} Bh6 {[%clk 0:24:26]} 32.
Re1 {[%clk 0:02:23]} Re8 {[%clk 0:23:46]} 33. h5 {[%clk 0:01:00]} gxh5 {[%clk
0:22:41]} 34. Rh1 {[%clk 0:01:10]} b5 {[%clk 0:22:46]} 35. axb5 {[%clk 0:01:32]}
axb5 {[%clk 0:23:11]} 36. Bxb5 {[%clk 0:01:37]} Rc2+ {[%clk 0:23:36]} 37. Kf1
{[%clk 0:01:01]} Ra8 {[%clk 0:24:01]} 38. Ne1 {[%clk 0:01:03]} Ra1 {[%clk
0:24:25]} 0-1